[Event "Cappelle Online Blitz op 1st"]
[Site "Europe Echecs INT"]
[Date "2021.01.10"]
[Round "8"]
[White "Mohammad, Nubairshah Shaikh"]
[Black "Nahed, Yann"]
[Result "1/2-1/2"]
[WhiteElo "2445"]
[BlackElo "2008"]
[PlyCount "227"]
[EventDate "2021.01.10"]
[EventType "swiss (blitz)"]
[EventRounds "11"]
[EventCountry "FRA"]
[SourceTitle "CBM 200 Extra"]
[Source "ChessBase"]
[SourceDate "2021.03.31"]
[SourceVersion "1"]
[SourceVersionDate "2021.03.31"]
[SourceQuality "1"]

1. c4 Nf6 2. Nc3 c5 3. g3 g6 4. Bg2 Bg7 5. Nf3 Nc6 6. 0-0 0-0 7. d4 cxd4 8. Nxd4 d6 9. e3 Bd7 10. b3 Rc8 11. Bb2 a6 12. Rc1 Qa5 13. a3 Rfd8 14. b4 Qh5 15. Qxh5 Nxh5 16. Nd5 Kf8 17. Nb6 Rc7 18. Nd5 Rcc8 19. Nb6 Rc7 20. Rfd1 Nxd4 21. Bxd4 Bxd4 22. Rxd4 Bc6 23. Bh3 Ke8 24. Kf1 Nf6 25. Ke2 Nd7 26. Bxd7+ Bxd7 27. f3 Be6 28. Kd3 Rc6 29. Nd5 Rdc8 30. Nf4 Bf5+ 31. e4 e5 32. Nd5 exd4 33. exf5 b5 34. Re1+ Kf8 35. cxb5 axb5 36. f6 Rc1 37. Rxc1 Rxc1 38. Kxd4 Ra1 39. Nc3 Rxa3 40. Nxb5 Rxf3 41. Nxd6 Rxf6 42. Kd5 Ke7 43. Ne4 Rb6 44. Kc5 Rb8 45. b5 Ke6 46. Kc6 Rc8+ 47. Kb7 Rc4 48. Ng5+ Kf6 49. Nxh7+ Kg7 50. Ng5 Rc5 51. Ne4 Rxb5+ 52. Kc6 Rb2 53. h4 Re2 54. Kd5 f5 55. Nd6 Re3 56. h5 Rxg3 57. Ke5 Rg5 58. hxg6 Kxg6 59. Nc4 Rg4 60. Nd6 f4 61. Ke4 Kg5 62. Nf7+ Kh4 63. Kf3 Kh3 64. Ne5 Rh4 65. Ng6 Rh6 66. Nxf4+ Kh4 67. Ke4 Kg5 68. Nd5 Rh4+ 69. Ke5 Rh1 70. Ne3 Re1 71. Ke4 Kf6 72. Kd4 Ra1 73. Nd5+ Ke6 74. Nc3 Kd6 75. Ne4+ Kc6 76. Nc3 Ra3 77. Ne4 Ra4+ 78. Ke5 Ra5+ 79. Kd4 Rd5+ 80. Kc4 Rd1 81. Nc3 Rh1 82. Kd4 Rh4+ 83. Ne4 Kb5 84. Kd5 Rh5+ 85. Kd4 Kb4 86. Nd6 Rh8 87. Ne4 Rd8+ 88. Ke5 Kc4 89. Nd6+ Kc5 90. Ne4+ Kc6 91. Nf6 Rf8 92. Ne4 Re8+ 93. Kd4 Ra8 94. Ke5 Ra5+ 95. Kd4 Rd5+ 96. Kc4 Rd1 97. Nc3 Rh1 98. Kd4 Rh4+ 99. Ne4 Kd7 100. Ke5 Ke7 101. Kd5 Kf7 102. Ke5 Kg6 103. Nd6 Rh5+ 104. Kd4 Kf6 105. Ne4+ Ke6 106. Nc5+ Kf5 107. Nd3 Rh4+ 108. Kd5 Kf6 109. Nc5 Rb4 110. Ne4+ Kf5 111. Nd6+ Kf4 112. Kc5 Ra4 113. Kd5 Ra6 114. Nc4 1/2-1/2

[Event "Cappelle Online Blitz op 1st"]
[Site "Europe Echecs INT"]
[Date "2021.01.10"]
[Round "2"]
[White "Osmak, Iulija"]
[Black "Nahed, Yann"]
[Result "1-0"]
[WhiteElo "2428"]
[BlackElo "2008"]
[PlyCount "87"]
[EventDate "2021.01.10"]
[EventType "swiss (blitz)"]
[EventRounds "11"]
[EventCountry "FRA"]
[SourceTitle "CBM 200 Extra"]
[Source "ChessBase"]
[SourceDate "2021.03.31"]
[SourceVersion "1"]
[SourceVersionDate "2021.03.31"]
[SourceQuality "1"]

1. e4 c5 2. c3 Nf6 3. e5 Nd5 4. Nf3 Nc6 5. Bc4 Nb6 6. Bb3 c4 7. Bc2 d6 8. exd6 exd6 9. 0-0 Be7 10. d3 cxd3 11. Qxd3 Bg4 12. Re1 Qd7 13. a4 Rd8 14. a5 Nc8 15. a6 Bh5 16. axb7 Qxb7 17. Ba4 0-0 18. Qd5 Bxf3 19. Qxf3 Na5 20. Qxb7 Nxb7 21. b4 Bf6 22. Bc6 a5 23. Bxb7 axb4 24. Bd2 Nb6 25. Ra6 Nc4 26. cxb4 Rfe8 27. Rxe8+ Rxe8 28. Ra8 Rxa8 29. Bxa8 Nxd2 30. Nxd2 Bc3 31. Nc4 Bxb4 32. Bd5 g6 33. Kf1 Kg7 34. Ke2 Bc5 35. Kf3 f5 36. h4 h6 37. Ne3 Kf6 38. g3 Ke5 39. Bf7 Kf6 40. Be8 g5 41. h5 Ke5 42. Bg6 Kf6 43. Nxf5 d5 44. Nxh6 1-0

[Event "FRA-ch U14"]
[Site "Calvi"]
[Date "2005.04.23"]
[Round "8"]
[White "Le Ruyet, Leopold"]
[Black "Nahed, Yann"]
[Result "0-1"]
[WhiteElo "1890"]
[BlackElo "2031"]
[PlyCount "48"]
[EventDate "2005.04.??"]
[EventType "swiss"]
[EventRounds "9"]
[EventCountry "FRA"]
[SourceTitle "EXT 2006"]
[Source "ChessBase"]
[SourceDate "2005.11.24"]
[SourceVersion "1"]
[SourceVersionDate "2005.11.24"]
[SourceQuality "1"]

1. e4 c5 2. Nf3 Nc6 3. d4 cxd4 4. Nxd4 g6 5. c4 Bg7 6. Be3 Nf6 7. Nc3 0-0 8. f3 Qb6 9. Nf5 Qxb2 10. Na4 Qe5 11. Nxg7 Kxg7 12. Qc1 Rd8 13. Nc5 Nd4 14. Nd3 Nc2+ 15. Qxc2 Qxa1+ 16. Kf2 Ne8 17. e5 d5 18. c5 Bf5 19. f4 Bxd3 20. Qxd3 Qxa2+ 21. Be2 e6 22. h4 Qc4 23. Qd2 Qa4 24. g4 d4 0-1

[Event "FRA-ch U14"]
[Site "Calvi"]
[Date "2005.04.22"]
[Round "7"]
[White "Nahed, Yann"]
[Black "Kharmoudi, Slimane"]
[Result "1-0"]
[WhiteElo "2031"]
[BlackElo "1929"]
[PlyCount "71"]
[EventDate "2005.04.??"]
[EventType "swiss"]
[EventRounds "9"]
[EventCountry "FRA"]
[SourceTitle "EXT 2006"]
[Source "ChessBase"]
[SourceDate "2005.11.24"]
[SourceVersion "1"]
[SourceVersionDate "2005.11.24"]
[SourceQuality "1"]

1. e4 c5 2. Nf3 e6 3. d4 cxd4 4. Nxd4 Qb6 5. Nb3 Nc6 6. Be3 Qc7 7. Nc3 Nf6 8. Bd3 a6 9. a4 b6 10. 0-0 d6 11. f4 Be7 12. h3 0-0 13. g4 Bb7 14. g5 Nd7 15. h4 Rfe8 16. Qg4 Bf8 17. Rf2 Re7 18. Qg3 Rae8 19. Raf1 Nc5 20. Nd2 g6 21. Bxc5 bxc5 22. f5 Ne5 23. Nc4 Nxd3 24. Qxd3 Rd7 25. Ne3 Qc6 26. Ng4 Bg7 27. fxe6 fxe6 28. Nf6+ Bxf6 29. Rxf6 Qc7 30. Qf3 Qd8 31. h5 Rg7 32. hxg6 hxg6 33. Rxg6 Qe7 34. Qh5 Rf8 35. Rxf8+ Qxf8 36. Rh6 1-0

[Event "FRA-chT U20 0405"]
[Site "Agneaux"]
[Date "2004.12.19"]
[Round "4.3"]
[White "Renaudin, Antonin"]
[Black "Nahed, Yann"]
[Result "1-0"]
[WhiteElo "1550"]
[BlackElo "2110"]
[PlyCount "39"]
[EventDate "2004.12.16"]
[EventType "team"]
[EventRounds "7"]
[EventCountry "FRA"]
[SourceTitle "EXT 2006"]
[Source "ChessBase"]
[SourceDate "2005.11.24"]
[SourceVersion "1"]
[SourceVersionDate "2005.11.24"]
[SourceQuality "1"]
[WhiteTeam "Rennes Paul Bert"]
[BlackTeam "Paris NAO"]
[WhiteTeamCountry "FRA"]
[BlackTeamCountry "FRA"]

1. e4 c5 2. Nc3 Nc6 3. f4 g6 4. Nf3 Bg7 5. Bb5 Nd4 6. 0-0 Nxb5 7. Nxb5 d6 8. d4 cxd4 9. Nbxd4 Nf6 10. f5 Nxe4 11. fxg6 hxg6 12. Ng5 Qb6 13. Be3 Nxg5 14. Nf5 Bxf5 15. Bxb6 axb6 16. Re1 Be5 17. Qd5 Bxh2+ 18. Kf1 Bg3 19. Qxb7 Rd8 20. Qxe7# 1-0

[Event "France-ch U12"]
[Site "Reims"]
[Date "2004.04.19"]
[Round "2"]
[White "Nahed, Yann"]
[Black "Dionisi, Thomas"]
[Result "1-0"]
[WhiteElo "1960"]
[BlackElo "1670"]
[PlyCount "47"]
[EventDate "2004.04.??"]
[EventType "swiss"]
[EventRounds "9"]
[EventCountry "FRA"]
[SourceTitle "EXT 2005"]
[Source "ChessBase"]
[SourceDate "2004.11.15"]
[SourceVersion "1"]
[SourceVersionDate "2004.11.15"]
[SourceQuality "1"]

1. e4 e6 2. d4 d5 3. exd5 exd5 4. c4 Nf6 5. Nc3 Be6 6. cxd5 Nxd5 7. Nf3 Be7 8. Bd3 Nd7 9. 0-0 0-0 10. Re1 h6 11. Qe2 N7f6 12. a3 c6 13. Ne5 Bd6 14. Ne4 Nxe4 15. Qxe4 Nf6 16. Qe2 Re8 17. f4 Bd5 18. Bd2 Qb6 19. Be3 Re7 20. Rac1 a5 21. Ng4 Nxg4 22. Qxg4 Qxb2 23. Rc2 Qxa3 24. f5 1-0

[Event "France-ch U12"]
[Site "Reims"]
[Date "2004.04.18"]
[Round "1"]
[White "Peiffer Smadja, Amiel"]
[Black "Nahed, Yann"]
[Result "0-1"]
[WhiteElo "1620"]
[BlackElo "1960"]
[PlyCount "38"]
[EventDate "2004.04.??"]
[EventType "swiss"]
[EventRounds "9"]
[EventCountry "FRA"]
[SourceTitle "EXT 2005"]
[Source "ChessBase"]
[SourceDate "2004.11.15"]
[SourceVersion "1"]
[SourceVersionDate "2004.11.15"]
[SourceQuality "1"]

1. e4 c5 2. Nc3 Nc6 3. f4 g6 4. Nf3 Bg7 5. Bc4 e6 6. 0-0 Nge7 7. Qe1 0-0 8. e5 Nf5 9. Ne4 d5 10. exd6 Nxd6 11. Bb3 c4 12. Nxd6 Qxd6 13. Bxc4 Qc5+ 14. d4 Nxd4 15. Be3 Qxc4 16. b3 Nxf3+ 17. Rxf3 Qc3 18. Qh4 Qxa1+ 19. Kf2 Qf6 0-1

[Event "FRA-ch U12"]
[Site "Le Grand Bornand"]
[Date "2003.??.??"]
[Round "1.9"]
[White "Chanoine, Arnaud"]
[Black "Nahed, Yann"]
[Result "0-1"]
[WhiteElo "1530"]
[BlackElo "1870"]
[PlyCount "60"]
[EventDate "2003.??.??"]
[EventType "swiss"]
[EventRounds "9"]
[EventCountry "FRA"]
[SourceTitle "EXT 2004"]
[Source "ChessBase"]
[SourceDate "2003.11.25"]
[SourceVersion "1"]
[SourceVersionDate "2003.11.25"]
[SourceQuality "1"]

1. d4 Nf6 2. Nf3 g6 3. g3 Bg7 4. Bg2 0-0 5. 0-0 d5 6. Bf4 Nh5 7. Bg5 h6 8. Be3 c5 9. c3 c4 10. Qc1 Kh7 11. Bd2 Nc6 12. Re1 f5 13. b3 b5 14. bxc4 bxc4 15. Nh4 Rb8 16. Bh1 e6 17. f3 g5 18. Ng2 Qf6 19. Qc2 Nxd4 20. cxd4 Qxd4+ 21. Ne3 Qxa1 22. Nc3 Qb2 23. Qxb2 Rxb2 24. Rd1 Rxd2 25. Rxd2 Bxc3 26. Rc2 Bd4 27. Kf2 f4 28. g4 Bxe3+ 29. Kf1 Rf7 30. gxh5 Rb7 0-1

[Event "FRA-ch U12"]
[Site "Le Grand Bornand"]
[Date "2003.??.??"]
[Round "6.2"]
[White "Delivre, Raphael"]
[Black "Nahed, Yann"]
[Result "1/2-1/2"]
[WhiteElo "1880"]
[BlackElo "1870"]
[PlyCount "116"]
[EventDate "2003.??.??"]
[EventType "swiss"]
[EventRounds "9"]
[EventCountry "FRA"]
[SourceTitle "EXT 2004"]
[Source "ChessBase"]
[SourceDate "2003.11.25"]
[SourceVersion "1"]
[SourceVersionDate "2003.11.25"]
[SourceQuality "1"]

1. e4 e6 2. d4 d5 3. Nc3 Bb4 4. exd5 exd5 5. Bd3 Nc6 6. a3 Ba5 7. Nge2 Nge7 8. 0-0 0-0 9. Ng3 Bb6 10. Nce2 Ng6 11. c3 Nce7 12. Nf4 c5 13. dxc5 Bxc5 14. Nxg6 hxg6 15. c4 Be6 16. cxd5 Nxd5 17. Bc4 Nc7 18. Bxe6 Nxe6 19. Bd2 Bd4 20. Rb1 Re8 21. Ne2 Bb6 22. Bc3 Qe7 23. Rc1 Rac8 24. h3 Red8 25. Qb3 Nc5 26. Qc2 Ne6 27. Qb1 Nd4 28. Nxd4 Bxd4 29. Bxd4 Rxc1 30. Qxc1 Rxd4 31. Re1 Qd7 32. Qe3 Kf8 33. Qe5 Rd6 34. Rc1 Rd1+ 35. Rxd1 Qxd1+ 36. Kh2 Qb3 37. Qa5 Qb6 38. Qxb6 axb6 39. Kg3 Ke7 40. Kf4 Kd6 41. Ke4 Ke6 42. Kd4 Kd6 43. Kc4 Kc6 44. a4 Kd6 45. Kb5 Kc7 46. g4 g5 47. f3 g6 48. b3 f6 49. Kc4 Kc6 50. b4 Kd6 51. Kd4 Kc6 52. Kc4 Kd6 53. Kd4 Ke6 54. Ke4 Kd6 55. f4 gxf4 56. Kxf4 g5+ 57. Kf5 Ke7 58. Ke4 Ke6 1/2-1/2